00527nam a2200133 4500041000800000082002100008084003900029100008300068240004600151245012200197260003200319300000900351650003300360 aMal a821.912 09 MUR-S 2Colon ClassificationaO-2,1M721x:g aമുരളി ശിവരാമകൃഷ്ണൻ|aMURALI SIVARAMAKRISHNAN aSri Aurobindo Prathyasayude Kavyasasthram aശ്രീ.അരബിന്ദോ പ്രത്യാശയുടെ കാവ്യശാസ്ത്രം aTrivandrumbIla Booksc2025 a200p aAurbindo - Indian Philosophy